000 00660nam a22001937a 4500
999 _c19949
_d19949
003 AR-CdUCM
008 190524b ||||| |||| 00| 0 spa d
040 _aMUNICIPALIDAD PROVINCIAL DEL CUSCO
_cBIBLIOTECA MUNICIPAL DEL CUSCO
082 _a953.8 /
_bR36
110 _aMinisterio Audita
_941725
245 _aReino de Arabia saudí /
300 _a144 páginas ;
505 _aC ontenido : Una hazaña legendaria -- La seguridad en Arabia Saudí -- La nueva función de las mujeres en Saudis...
650 _aHistoria de Arabia Saudí
_941726
650 _aContemporánea
_9585
650 _aVida económica
_941727
942 _2ddc
_cLIBROS
945 _arcc